History Quiz

Random History Quiz

Famous People Born August 3rd Quiz Stats

 Plays Quiz not verified by Sporcle

Support Sporcle.
Go Orange.
Score 0/20 Timer 10:00
0 Plays Today
% Correct
John T. Scopes
84.2%
Tony Bennett
84.2%
Ryan Lochte
78.9%
Martha Stewart
78.9%
Tom Brady
73.7%
Martin Sheen
73.7%
Stanley Baldwin
68.4%
Ernie Pyle
63.2%
Leon Uris
63.2%
Isaiah Washington
63.2%
% Correct
John C. McGinley
57.9%
P.D. James
52.6%
Karlie Kloss
52.6%
Evangeline Lilly
52.6%
Hannah Simone
47.4%
Chris Murphy
42.1%
Lance Robertson
31.6%
Maggie Kuhn
26.3%
Steven Berkoff
15.8%
Blaine Wilson
10.5%

You're not logged in!

Compare scores with friends on all Sporcle quizzes.
OR
Log In

From the Vault

1-in-4 Shot: 80s Bands & Artists

by MSUKent

It's all about getting everyone in one frame.
Remove Ads.
Support Sporcle.
Get the best of Sporcle when you Go Orange. This ad-free experience offers more features, more stats, and more fun while also helping to support Sporcle. Thank you for becoming a member.

Show Comments

Extras

Created Feb 15, 2020ReportNominate
Tags:August, Famous People

Top Quizzes Today


Score Distribution

Your Account Isn't Verified!

In order to create a playlist on Sporcle, you need to verify the email address you used during registration. Go to your Sporcle Settings to finish the process.

Report this User

Report this user for behavior that violates our Community Guidelines.

Details: